01210nam a2200313Ia 4500001001200000003000800012006001900020007001500039008004100054010001700095020002800112020003100140040002100171035002100192050002300213082001700236100001800253245008400271260007200355300001800427504006600445533015200511650002300663650002100686655002900707710001700736856012600753999001700879ebr10254953CaPaEBRm u cr cn|||||||||080421s2008 enk sb 001 0 eng d z 2008017888 z0754671240 (alk. paper) z9780754671244 (alk. paper) aCaPaEBRcCaPaEBR a(OCoLC)56798377814aK5210b.R65 2008eb04a346.03/42221 aRolph, David.10aReputation, celebrity and defamation lawh[electronic resource] /cDavid Rolph. aAldershot, Hampshire, England ;aBurlington, VT :bAshgate,cc2008. axxiii, 217 p. aIncludes bibliographical references (p. [189]-213) and index. aElectronic reproduction.bPalo Alto, Calif. :cebrary,d2009.nAvailable via World Wide Web.nAccess may be limited to ebrary affiliated libraries. 0aLibel and slander. 0aReputation (Law) 7aElectronic books.2local2 aebrary, Inc.40uhttp://site.ebrary.com/lib/rucke/Doc?id=10254953zAn electronic book accessible through the World Wide Web; click to view c14714d14714